000 01376cam a22003614a 4500
001 13612043
005 20151113113937.0
008 040602s2005 enk b 001 0 eng
010 _a 2004050941
015 _aGBA445286
_2bnb
016 7 _a012937190
_2Uk
020 _a0415324033
035 _a(OCoLC)ocm55671526
040 _aDLC
_cDLC
_dDLC
042 _apcc
050 0 0 _aB3279.H94
_bE4 2005
082 0 0 _a142/.7
_222
084 _a08.25
_2bcl
100 1 _aElliott, Brian,
_d1969-
_921082
245 1 0 _aPhenomenology and imagination in Husserl and Heidegger /
_cBrian Elliott.
260 _aLondon ;
_aNew York :
_bRoutledge,
_c2005.
300 _ax, 183 p. ;
_c24 cm.
490 1 _aRoutledge studies in twentieth-century philosophy ;
_v17
504 _aIncludes bibliographical references (p. [175]-179) and index.
600 1 0 _aHusserl, Edmund,
_d1859-1938.
_9717
600 1 0 _aHeidegger, Martin,
_d1889-1976.
_921083
650 0 _aPhenomenology
_xHistory
_y20th century.
_921084
800 1 _aRoutledge studies in twentieth-century philosophy ;
_v17.
_921085
830 0 _aRoutledge studies in twentieth century philosophy ;
_v17.
_921086
906 _a7
_bcbc
_corignew
_d1
_eocip
_f20
_gy-gencatlg
942 _2lcc
_cMONOGRAPH
999 _c123784
_d123784